000 00716nam a22001937a 4500
003 OSt
005 20250318094746.0
008 240903b ||||| |||| 00| 0 eng d
040 _c0
082 _aDPer 808.042 C686 June 2019 - February 2020, vol 70-71, no. 1-4.
100 _aBallenger, Bruce.
_eauthor.
_959957
245 _aThe emotional work of revision /
_cBruce Ballenger and Kelly Myers.
260 _aUSA ;
_bNational Council of Teachers of English,
_cJune 2019.
300 _aVolume 70, pages 590-614.
500 _aCollege composition & Communication, c. 70 n.4, pages 590-614, June 2019.
700 _aBallenger, Bruce.
_eauthor.
_959957
700 _aMyers, Kelly.
_eauthor.
_959958
942 _2ddc
_cPER
999 _c21235
_d21235